The Silmarillion: All characters starting with G - Statistics

General Stats
  • This quiz has been taken 45 times
  • The average score is 12 of 18
Answer Stats
Hint Answer % Correct
Wife of Celeborn, and keeper of Nenya, the Ring of Water: Galadriel
100%
He was the last High King of the Noldor in Middle Earth. Leader with Elendil of the Last Alliance of Elves and Men: Gil-galad
100%
He was given the Ring of Fire by Cirdan: Gandalf
94%
Elf of Gondolin, who fell to his death in Cirith Thoronath in combat with a Balrog after the escape from the sack of the city: Glorfindel
91%
The father of Dragons, he was slain by Turin at Cabed-en-Aras: Glaurung
88%
Elf of Nargothrond, enslaved in Angband, but escaped and aided Beleg in the rescue of Turin: Gwindor
85%
Lord of Balrogs, he killed Feanor, Fingon, and Ecthelion: Gothmog
82%
Captured in the Dagor Bragollach, and put to death in front of Eithel Sirion, as a provocation to its defenders: Gelmir
71%
Elf of the people of Angrod, who with Arminas came to Nargothrond to warn Orodreth of its peril: Gelmir
71%
Father of Hurin and Huor. Slain at Eithel Sirion: Galdor
68%
The Unhappy. One of the twelve companions of Barahir, he was ensnared by a phantom of his wife Eilinel and revealed to Sauron the hiding place of Barahir: Gorlim
62%
23rd King of Numenor, persecuter of the Elendili: Gimilzor
56%
Father of Ar-Pharazon: Gimilkhad
41%
One of the twelve companions of Barahir on Dorthonion Gildor
38%
Father of Gelmir and Gwindor: Guilin
35%
Younger son of Hador Lorindel, slain with his father at Eithel Sirion in the Dagor Bragollach: Gundor
35%
Daughter of Hador Lorindel of Dor-lomin, she wedded Haldir of Brethil: Gloredhel
32%
A minstrel of Brethil: Glirhuin
18%
No matching quizzes found
Score Distribution
Percent of People with Each Score
Percentile by Number Answered
Your Score History
You have not taken this quiz